000 01173nam a2200313 a 4500
001 ebr10719740
003 CaPaEBR
006 m o u
007 cr cn|||||||||
008 130624s2013 enka sb 001 0 eng d
020 _z9781908541185
020 _z9781908541451 (e-book)
040 _aCaPaEBR
_cCaPaEBR
035 _a(OCoLC)853459099
050 1 4 _aRC902
_b.F37 2013eb
245 0 0 _aFast facts
_h[electronic resource] :
_brenal disorders /
_cAjay Singh, Jeremy Levy, Charles Pusey.
250 _a2nd ed.
260 _aOxford, U.K. :
_bHealth Press,
_c2013.
300 _a144 p. :
_bill. (some col.)
504 _aIncludes bibliographical references and index.
533 _aElectronic reproduction.
_bPalo Alto, Calif. :
_cebrary,
_d2013.
_nAvailable via World Wide Web.
_nAccess may be limited to ebrary affiliated libraries.
650 0 _aKidneys
_xDiseases.
655 7 _aElectronic books.
_2local
700 1 _aSingh, Ajay.
700 1 _aLevy, Jeremy.
700 1 _aPusey, Charles.
710 2 _aebrary, Inc.
856 4 0 _uhttp://site.ebrary.com/lib/rucke/Doc?id=10719740
_zAn electronic book accessible through the World Wide Web; click to view
999 _c38776
_d38776